Forenzné účtovníctvo využitie CAATT pri odhaľovaní ekonomickej kriminality

Salvato in:
Dettagli Bibliografici
Autore principale: Tumpach, Miloš, 1970-
Ente Autore: Ekonomická univerzita v Bratislave. Fakulta hospodárskej informatiky
Altri autori: Juhászová, Zuzana, 1970-, Hulík, Richard
Natura: Libro
Lingua:slovacco
Pubblicazione: Bratislava Vydavateľstvo EKONÓM 2013
Edizione:1. vyd.
Soggetti:
Tags: Aggiungi Tag
Nessun Tag, puoi essere il primo ad aggiungerne!!

MARC

LEADER 00000nam a2200000 4500
001 0169788
005 20240502072936.8
020 |a 978-80-225-3579-3 
041 0 |a slo 
044 |a SK 
245 1 0 |a Forenzné účtovníctvo  |b využitie CAATT pri odhaľovaní ekonomickej kriminality  |c Miloš Tumpach ; recenzenti: Zuzana Juhászová, Richard Hulík 
250 |a 1. vyd. 
264 1 |a Bratislava  |b Vydavateľstvo EKONÓM  |c 2013 
300 |a 145 s. [9,75 AH] 
610 2 0 |a účtovníctvo 
610 2 0 |a technika výpočtová 
610 2 0 |a využitie počítačov 
610 2 0 |a softvér 
610 2 0 |a CAAT 
610 2 0 |a IDEA 
100 1 |a Tumpach, Miloš, 1970- 
700 1 |a Juhászová, Zuzana, 1970- 
700 1 |a Hulík, Richard 
710 2 |a Ekonomická univerzita v Bratislave. Fakulta hospodárskej informatiky